000 02917nam0a2200445 4500
001 RU\NLR\DIGIT\69507
005 20260407082111.0
035 _a(NLR Aleph) 010136895
035 _aRU\NLR\A1\UKAZ\670
090 _a10036702
_c10036702
100 _a20251214 rusy50
101 0 _arus
102 _aRU
135 _acrbn 001aaaba
200 1 _a[О платеже подушных денег]
_f[Указ Петра II, состоявшийся в Верховном Тайном Совете 25 мая 1727 г.]
210 _aПечатан в Санктъпетербурге
_cПри Сенате
_d27 мая 1727
215 _a[1] л.
_d
304 _aНазв. указа дано по ПСЗ
304 _aТекст начинается словами: Божиею милостию мы Петр Вторыи, император и самодержец всероссиискии. И протчая, и протчая, и протчая. Понеже в указе бабки нашеи, блаженныя и вечнодостоиныя памяти ея императорского величества, каков в народ выдан февраля 9 дня...
305 _aВ конце текста: Дан в нашем Верховном Таином Совете. Маия 25 дня, 1727
306 _aВых. дан. указаны слева от М.П.
321 _aПСЗ. Т.7. 5079
325 _aКопия доступна в Электрон. б-ке РНБ http://vivaldi.nlr.ru/lk000005259/view
517 1 _aБожиею милостию мы Петр Второй, император и самодержец всероссийский. И прочая, и прочая, и прочая. Понеже в указе бабки нашей, блаженной и вечнодостойной памяти ее императорского величества, каков в народ выдан февраля 9 дня...
610 _aРоссия. Законы и постановления
620 _dСанкт-Петербург
702 0 _4720
_8rus
_7ca
_aПетр
_cимператор российский
_dII
_f1715-1730
_3RU\NLR\AUTH\7713845
_9123527
710 0 1 _aРоссия
_bИмператор
_c1727-1730; Петр II
_3RU\NLR\AUTH\8810042739
_9584923
712 0 2 _aСенатская типография
_cСанкт-Петербург
_4610
801 0 _aRU
_bNLR
_c20030127
852 _aNLR
_c37.59.2.143
856 0 _uhttp://vivaldi.nlr.ru/lk000005259/view
856 1 _uhttp://vivaldi.nlr.ru/lk000005259/cover
856 2 _uhttp://vivaldi.nlr.ru/lk000005259/text
942 _cBOOK
980 _aNB
981 3 6 _a(36) Цифровой репозиторий РНБ
981 1 6 _a(16) Законодательные акты Российской империи